000 00404nam a2200181Ia 4500
008 210210b1949 xxu||||| |||| 00| 0 eng d
041 _aeng
082 _a531/98
100 _aMOORE (H)
245 _aTextbook of intermediate physics
260 _aLondon
_b-
_c1949
300 _a826
650 _aTextbook
650 _aphysics
650 _aintermediate
690 _aPhysics
906 _a008299
999 _c126253
_d126253